| 000 | 00528nam a22001817a 4500 | ||
|---|---|---|---|
| 003 | CEME | ||
| 005 | 20210628202845.0 | ||
| 008 | 210203b xxu||||| |||| 00| 0 eng d | ||
| 020 | _a0-8031-2422-8 | ||
| 040 | _c. | ||
| 082 | _a621.252 TRI | ||
| 100 |
_aTotten, George E _918964 |
||
| 245 | _a Tribology of hydraulic pump testing | ||
| 260 |
_aUSA _bASTM _c1997 |
||
| 300 | _a377P | ||
| 650 |
_aTRIBOLOGY CONGRESSES, OIL HYDRAULIC MACHINERY TESTING CONGRESSES, PUMPING MACHINERY TESTING CONGRESSES _961994 |
||
| 942 |
_cBK _2ddc |
||
| 999 |
_c571247 _d571247 |
||